000 00854nam a22002417a 4500
999 _c22516
_d22516
003 AR-CdUCM
008 190409b ||||| |||| 00| 0 spa d
040 _aMUNICIPALIDAD PROVINCIAL DEL CUSCO
_cBIBLIOTECA MUNICIPAL DEL CUSCO
082 _a394.250985632/M6
_bM6
110 _aMinisterio de Cultura Perú
_948332
245 _aT'ikapallana
_bcarnaval de Tambobamba /
_cinvestigación y textos, Pedro Roel Mendizábal
260 _aLima :
_bMinisterio de Cultura,
_c2016.
300 _a121, [2] páginas :
_bil. col., mapas ;
_c16 cm.
500 _zBibliografía: p. 118-121.
650 _aCarnaval
_915465
650 _aFolclore
_93233
650 _aVida y costumbres sociales
_9857
650 _aApurímac
_91025
700 _aRoel Mendizábal, Pedro
_948327
710 _aMinisterio de Cultura Perú
_948332
942 _2ddc
_cLIBROS
945 _arac